|
|
|
|
| LEADER |
00938nam a22002891a 4500 |
| 001 |
000039238 |
| 003 |
15533 |
| 005 |
20210427185437.0 |
| 008 |
160412s2007 000 |
| 020 |
|
|
|c 22000
|
| 040 |
|
|
|a lnn
|c lnn
|d lnn
|
| 041 |
0 |
|
|a Vie
|
| 082 |
0 |
|
|a 895.922 8
|b QU-C
|
| 245 |
|
0 |
|a Những chuyện lạ trong thi củ thời xưa ở Việt Nam /
|c Quốc Chấn.
|
| 260 |
|
|
|a HCM :
|b Thanh niên,
|c 2007.
|
| 300 |
|
|
|a 182Tr. ;
|c 19cm.
|
| 650 |
0 |
4 |
|a chuyện lạ trong thi củ
|
| 653 |
|
|
|a Việt Nam
|
| OWN |
|
|
|a LNN
|
| OWN |
|
|
|a LNN
|
| AVA |
|
|
|a UDN50
|b LNN
|d 895.922 8 QU-C
|e available
|t Error 5001 Not defined in file expand_doc_bib_avail.
|f 2
|g 0
|h N
|i 0
|
| 999 |
|
|
|a From the UDN01
|
| AVA |
|
|
|a UDN50
|b LNN
|d 895.922 8 QU-C
|e available
|t Error 5001 Not defined in file expand_doc_bib_avail.
|f 2
|g 0
|h N
|i 0
|
| TYP |
|
|
|a Monograph
|
| 980 |
|
|
|a Mạng thư viện Đại học Đà Nẵng
|